| 000 | 00909nam a22002297a 4500 | ||
|---|---|---|---|
| 005 | 20150225152600.0 | ||
| 008 | 140714b xxu||||| |||| 00| 0 Urdu d | ||
| 010 | _aUR-8683 | ||
| 020 | q | _c200.00 | |
| 020 | _c9789350733868 | ||
| 035 | _aU-7238 | ||
| 037 | _bDBAD/Pub. | ||
| 040 |
_aDPL _bUrdu |
||
| 082 | _a848.88 | ||
| 100 | _aمر تبين :فر ز ا نہ ا سلم ا ور ا بو بکر ر ضو ی | ||
| 245 |
_aمعا صر ا ر د و شا عر ی ا و ر فيض ا حمد فيض _cمر تبين :فر ز ا نہ ا سلم ا ور ا بو بکر ر ضو ی |
||
| 246 |
_aMaasir urdu Shairi aur Faiz Ahmed Faiz _bEdited by Farzana Aslam and Abu Bakar Rizvi |
||
| 260 |
_aد ھلی _bEducational Publishing House _c2014 |
||
| 270 |
_a3108,Vakeel Street,Kucha Pandit,Lal Kuan _b.Delhi _e110006 |
||
| 300 |
_a200ص _c22Cm (Hb) |
||
| 942 |
_2ddc _cUR _e _h848.88 _mف ے ض |
||
| 999 |
_c91911 _d91911 |
||